| 000 | 01336cam a2200253 4500 | ||
|---|---|---|---|
| 001 | ABS66345 | ||
| 008 | 030131n2002 000 0 eng u | ||
| 035 | _a(Sirsi) u121198 | ||
| 100 | _aKearns, A. | ||
| 245 | _aTainted target | ||
| 260 | _c2002 | ||
| 490 |
_aScottish Builder and Engineer _v(74) December 2002, 30-36(4) |
||
| 520 | _aExamines the barriers to achieving brownfield development targets, in particular the complexities and cost of remediating contaminated land. Argues that government should provide greater financial incentives to encourage developers to build on brownfield land and that regulations governing the treatment of contamination should be streamlined. Discusses the problems with Mobile Plant Licenses and other required permissions and illustrates how the Landfill Directive will significantly increase the cost of disposal to landfill, the main alternative to on-site treatment. Provides details of non-traditional methods of contaminated land remediation such as soil washing and the use of bacteria. | ||
| 590 | _aABS | ||
| 650 | _aCONTAMINATED LAND | ||
| 650 | _aSOIL WASHING | ||
| 650 | _aBACTERIA | ||
| 650 | _aDIRECTIVE 99/31/EC | ||
| 650 | _aBROWNFIELD SITES | ||
| 650 | _aREMEDIATION | ||
| 650 | _aBROWNFIELD DEVELOPMENT | ||
| 690 | _aENVIRONMENT-CONTAMINATION | ||
| 942 | _n0 | ||
| 999 |
_c72023 _d72023 |
||